|
|
|
|
| LEADER |
00000cam a2200000 7i4500 |
| 001 |
0000059771 |
| 005 |
20160214.0 |
| 008 |
160214 |
| 020 |
|
|
|a 1853911658
|
| 020 |
|
|
|a 9781853911651
|
| 090 |
0 |
0 |
|a 746.443
|b HAL
|
| 100 |
1 |
|
|a Hall, Dorothea
|
| 245 |
1 |
0 |
|a Cross stitch for the home
|c Dorothea Hall
|
| 260 |
|
|
|a London :
|b Merehurst Limited ,
|c 1992
|
| 300 |
|
|
|a 47 pg :
|b (i)bw & col
|
| 999 |
|
|
|a 0000828069
|b Book
|c Adult Collection
|e Cawangan Pontian
|
| 999 |
|
|
|a 0000828070
|b Book
|c Adult Collection
|e Cawangan Mersing
|
| 999 |
|
|
|a 0000828071
|b Cassette
|c Adult Collection
|e Cawangan Segamat
|
| 999 |
|
|
|a 0000828072
|b Book
|c Adult Collection
|e Cawangan Tmn. Ungku Tun Aminah
|
| 999 |
|
|
|a 0000828074
|b Book
|c Adult Collection
|e Cawangan Bandar Penawar
|